[Event "21st Costa del Sol it"]
[Site "Malaga ESP"]
[Date "1981.04.21"]
[Round "1"]
[White "Calvo Minguez, Ricardo"]
[Black "Martin Gonzalez, Angel"]
[Result "1/2-1/2"]
[WhiteElo "2410"]
[BlackElo "2365"]
[EventDate "1981.04.??"]
[PlyCount "135"]

1. c4 g6 2. Nc3 c5 3. g3 Bg7 4. Bg2 Nc6 5. Nf3 e5 6. a3 Nge7 7. Rb1 a5 8. d3
O-O 9. Bg5 h6 10. Bxe7 Nxe7 11. O-O d5 12. cxd5 Nxd5 13. Nxd5 Qxd5 14. Nd2 Qd4
15. Qc2 Bg4 16. Nc4 Ra7 17. Ne3 Be6 18. Rfc1 b6 19. Nd5 Bxd5 20. e3 Bb3 21.
Qxb3 Qd6 22. Qb5 Rd7 23. Rc3 f5 24. Rb3 Rf6 25. Rc3 Re6 26. b4 axb4 27. axb4
Rc7 28. bxc5 Rxc5 29. Rxc5 bxc5 30. Qc4 Kh7 31. Rb5 Bf8 32. Rxc5 Qxc5 33. Qxe6
Qc1+ 34. Bf1 Qc7 35. h4 Qe7 36. Qd5 h5 37. Bg2 Kg7 38. Bf3 Qd6 39. Qb7+ Qe7 40.
Qb2 Kh6 41. Bd5 Bg7 42. Kg2 Bf6 43. Qb6 Qd8 44. Qc6 Qe7 45. Be6 Qd8 46. Bd7 Kg7
47. Qd5 Qg8 48. Be6 Qd8 49. Bd7 Qg8 50. Qc6 Qd8 51. e4 fxe4 52. dxe4 Be7 53.
Qe6 Bf6 54. Bc6 Qe7 55. Qb3 Qc7 56. Bd5 Be7 57. Qb5 Bf6 58. Qe8 Qe7 59. Qg8+
Kh6 60. Qc8 Qd8 61. Qc6 Qf8 62. Qc1+ Kg7 63. f3 Qe7 64. Qc6 Qb4 65. Qc7+ Kh6
66. Qc1+ Kg7 67. Kh3 Qb5 68. Bc4 1/2-1/2

[Event "21st Costa del Sol it"]
[Site "Malaga ESP"]
[Date "1981.04.21"]
[Round "1"]
[White "Ciocaltea, Victor"]
[Black "Bellon Lopez, Juan Manuel"]
[Result "0-1"]
[WhiteElo "2445"]
[BlackElo "2415"]
[EventDate "1981.04.??"]
[PlyCount "40"]

1. b4 d5 2. Bb2 Bg4 3. Nf3 Bxf3 4. gxf3 e6 5. a3 Nd7 6. e3 Qh4 7. f4 Ngf6 8.
Qf3 Be7 9. Rg1 g6 10. Nc3 O-O 11. Be2 d4 12. Nb5 c5 13. bxc5 dxe3 14. dxe3 Rfd8
15. Rg3 Qh6 16. O-O-O Nxc5 17. f5 Nfe4 18. Kb1 Nxg3 19. Qxg3 Qg5 20. fxg6 hxg6
0-1

[Event "21st Costa del Sol it"]
[Site "Malaga ESP"]
[Date "1981.04.21"]
[Round "1"]
[White "Diez del Corral Rivas, Jesus"]
[Black "Ivkov, Borislav"]
[Result "1/2-1/2"]
[WhiteElo "2480"]
[BlackElo "2540"]
[EventDate "1981.04.??"]
[PlyCount "40"]

1. e4 e5 2. Nf3 Nc6 3. Bb5 a6 4. Ba4 Nf6 5. O-O Be7 6. Bxc6 dxc6 7. Qe1 Nd7 8.
b3 c5 9. Bb2 f6 10. Nh4 Nf8 11. Nf5 Ne6 12. Nc3 O-O 13. Ne2 Bd6 14. d3 Nd4 15.
Nexd4 cxd4 16. f4 exf4 17. Nxd6 Qxd6 18. Qf2 c5 19. Qxf4 Qxf4 20. Rxf4 Be6
1/2-1/2

[Event "21st Costa del Sol it"]
[Site "Malaga ESP"]
[Date "1981.04.21"]
[Round "1"]
[White "Fernandez Garcia, Jose Luis"]
[Black "Marovic, Drazen"]
[Result "1/2-1/2"]
[WhiteElo "2415"]
[BlackElo "2445"]
[EventDate "1981.04.??"]
[PlyCount "52"]

1. e4 c6 2. d4 d5 3. Nd2 dxe4 4. Nxe4 Nf6 5. Nxf6+ gxf6 6. c3 Bf5 7. Nf3 Nd7 8.
g3 Qa5 9. Qe2 Qd5 10. Bg2 Qe4 11. Be3 Qd3 12. Qxd3 Bxd3 13. Rd1 Bc2 14. Rc1 Be4
15. O-O e6 16. c4 c5 17. Rfd1 O-O-O 18. dxc5 Nxc5 19. Rxd8+ Kxd8 20. Nd4 Bxg2
21. Kxg2 Kc8 22. Rd1 a6 23. Ne2 Be7 24. Nc3 Rd8 25. Rxd8+ Kxd8 26. Kf1 f5
1/2-1/2

[Event "21st Costa del Sol it"]
[Site "Malaga ESP"]
[Date "1981.04.22"]
[Round "2"]
[White "Bellon Lopez, Juan Manuel"]
[Black "Tal, Mikhail"]
[Result "0-1"]
[WhiteElo "2415"]
[BlackElo "2555"]
[EventDate "1981.04.??"]
[PlyCount "78"]

1. e4 c5 2. Nf3 Nc6 3. d4 cxd4 4. Nxd4 Nf6 5. Nc3 d6 6. Nb3 e6 7. f4 a6 8. Be3
b5 9. Qf3 $5 ({Known is} 9. a3) 9... Bb7 10. O-O-O Na5 $5 ({Or} 10... Qc7 {
(Khalifman).}) 11. Nc5 $1 Bc6 $1 12. Nd3 Nc4 13. Ne5 $2 {
Bellon imitates Tal's style poorly.} ({Correct is} 13. Bd4 Qc7 14. Nf2) 13...
Nxe3 14. Nxc6 Qb6 15. Rd3 Nxc2 $1 16. Kxc2 Qxc6 {Black has gained a pawn.} 17.
a3 Nd7 18. Kb1 Be7 19. Be2 O-O 20. Rc1 Rfc8 21. Na2 Qb7 22. Rxc8+ Rxc8 23. Rc3
Rxc3 24. Nxc3 Qb6 25. Nd1 Bf6 26. Ka2 Qd4 27. Qe3 Nc5 28. Qxd4 Bxd4 29. b4 Nxe4
30. a4 Nf6 31. axb5 axb5 32. Kb3 Nd5 33. Bxb5 Nxf4 34. Bc6 d5 35. g3 Nd3 36.
Nc3 Kf8 37. Ne2 Bf2 38. Nf4 Nxf4 39. gxf4 f5 $1 {
Tal has two extra pawns and f4 will fall.} 0-1

[Event "21st Costa del Sol it"]
[Site "Malaga ESP"]
[Date "1981.04.22"]
[Round "2"]
[White "Fernandez Garcia, Jose Luis"]
[Black "Csom, Istvan"]
[Result "0-1"]
[WhiteElo "2415"]
[BlackElo "2500"]
[EventDate "1981.04.??"]
[PlyCount "96"]

1. e4 c5 2. Nf3 d6 3. Bb5+ Nd7 4. d4 Ngf6 5. O-O cxd4 6. Qxd4 a6 7. Bxd7+ Bxd7
8. Bg5 h6 9. Bxf6 gxf6 10. Nc3 e6 11. Qd3 $5 ({Preferable is} 11. Nd2 $1 Bc6
12. Rfe1 {(Schmit - Petkevich, Soviet Union 1970).}) 11... Be7 12. Nd4 $5 Qa5
13. a4 Rc8 14. Ra3 $5 h5 15. Rb3 Rc7 16. f4 h4 17. Kh1 Kd8 $1 18. e5 $2 fxe5
19. fxe5 Qxe5 20. Rxf7 h3 $1 {Black has a great positional advantage.} 21. gxh3
Rxh3 $5 22. Qxh3 Qxd4 23. Ne2 Bc6+ 24. Rbf3 Bxf3+ 25. Rxf3 Qd1+ $2 (25... Qxb2
26. Qxe6 Rxc2 27. Qg8+ Kc7 {continues the attack.}) 26. Ng1 Qd5 $5 27. c3 Rc4
28. b3 Rh4 29. c4 Qe4 30. Qg2 Kd7 31. Rf7 e5 $5 32. Qxe4 $6 ({Better is} 32.
Ne2 $1 {(Csom)} Qxg2+ 33. Kxg2) 32... Rxe4 33. Kg2 Ke6 34. Rh7 Re3 35. Rh3 Rxh3
$5 36. Nxh3 d5 37. Kf3 dxc4 38. bxc4 Kd6 $1 39. Ke4 Kc5 40. Ng1 Kxc4 41. Nf3 ({
Or} 41. Kxe5 Kb4) 41... Kb4 42. h4 Kxa4 43. h5 b5 44. h6 Bf8 45. h7 Bg7 46.
Nxe5 b4 47. Nc4 b3 48. Kd3 a5 $1 {The extra pawn decides in the ending.} 0-1

[Event "21st Costa del Sol it"]
[Site "Malaga ESP"]
[Date "1981.04.22"]
[Round "2"]
[White "Marovic, Drazen"]
[Black "Ivkov, Borislav"]
[Result "1/2-1/2"]
[WhiteElo "2445"]
[BlackElo "2540"]
[EventDate "1981.04.??"]
[PlyCount "26"]

1. d4 Nf6 2. c4 g6 3. Nc3 Bg7 4. e4 d6 5. f3 c5 6. dxc5 dxc5 7. Qxd8+ Kxd8 8.
e5 Nfd7 9. f4 f6 10. exf6 exf6 11. Bd2 Re8+ 12. Be2 Nc6 13. O-O-O Nd4 1/2-1/2

[Event "21st Costa del Sol it"]
[Site "Malaga ESP"]
[Date "1981.04.22"]
[Round "2"]
[White "Vera Gonzalez, Reynaldo"]
[Black "Diez del Corral Rivas, Jesus"]
[Result "1/2-1/2"]
[WhiteElo "2455"]
[BlackElo "2480"]
[EventDate "1981.04.??"]
[PlyCount "65"]

1. d4 Nf6 2. c4 g6 3. Nc3 Bg7 4. e4 d6 5. f3 O-O 6. Bg5 c6 7. Qd2 a6 8. Nge2 b5
9. Nc1 Nbd7 10. a4 bxc4 11. Bxc4 c5 12. d5 Nb6 13. Be2 Rb8 14. O-O Re8 15. Ra3
Na8 16. Nb3 Qb6 17. Rb1 e6 18. Na1 Nc7 19. Rb3 Qa7 20. Rxb8 Qxb8 21. dxe6 Nxe6
22. Be3 Nd4 23. Bc4 Nd7 24. Kh1 Ne5 25. Bd5 Qb4 26. Nc2 Nxc2 27. Qxc2 Nc4 28.
Na2 Nxe3 29. Nxb4 Nxc2 30. Nxc2 Be6 31. Ne3 Bxd5 32. Nxd5 f5 33. b4 1/2-1/2

[Event "21st Costa del Sol it"]
[Site "Malaga ESP"]
[Date "1981.04.23"]
[Round "3"]
[White "Ciocaltea, Victor"]
[Black "Rivas Pastor, Manuel"]
[Result "1-0"]
[WhiteElo "2445"]
[BlackElo "2460"]
[EventDate "1981.04.??"]
[PlyCount "81"]

1. e4 e5 2. Nf3 Nc6 3. Bb5 Nf6 4. Qe2 d6 5. c3 Bd7 6. d3 g6 7. Ba4 Bg7 8. Bc2
a5 9. a4 O-O 10. Na3 Nh5 11. g3 f5 12. Bb3+ Kh8 13. Ng5 Qf6 14. exf5 Bxf5 15.
Nb5 Rac8 16. Be3 h6 17. h4 Bd7 18. Ne4 Qf3 19. Qxf3 Rxf3 20. O-O-O Rff8 21.
Rhg1 Bg4 22. Rde1 Ne7 23. f4 Kh7 24. fxe5 Bxe5 25. d4 Bg7 26. Nf2 Bd7 27. g4
Nf6 28. Bd2 Nfg8 29. Nd3 Bxb5 30. axb5 c5 31. dxc5 dxc5 32. Nf4 Rf6 33. Bc2 Rd8
34. Nxg6 Nxg6 35. h5 Kh8 36. Bxg6 a4 37. g5 hxg5 38. Bxg5 Bh6 39. Bxh6 Nxh6 40.
Re7 Kg8 41. Rxb7 1-0

[Event "21st Costa del Sol it"]
[Site "Malaga ESP"]
[Date "1981.04.23"]
[Round "3"]
[White "Csom, Istvan"]
[Black "Marovic, Drazen"]
[Result "1/2-1/2"]
[WhiteElo "2500"]
[BlackElo "2445"]
[EventDate "1981.04.??"]
[PlyCount "120"]

1. Nf3 d5 2. b3 Nf6 3. Bb2 Bg4 4. e3 e6 5. c4 Be7 6. cxd5 exd5 7. Be2 O-O 8. d3
Ne8 9. O-O Bf6 10. Qc2 Bxb2 11. Qxb2 a5 12. a3 Nd6 13. Nbd2 Nd7 14. Rfc1 c6 15.
Bf1 Bxf3 16. Nxf3 Qe7 17. b4 g6 18. Nd2 Rfc8 19. Nb3 axb4 20. axb4 Rxa1 21.
Qxa1 Nb5 22. Nd4 Nxd4 23. Qxd4 Ra8 24. b5 Qa3 25. Rc3 Qd6 26. bxc6 bxc6 27. Rc1
c5 28. Qb2 Rc8 29. h3 Nf8 30. Be2 Ne6 31. Qb7 Rc7 32. Qb8+ Kg7 33. Ra1 d4 34.
e4 c4 35. dxc4 d3 36. Bf1 Qd4 37. Rd1 d2 38. Qa8 Rd7 39. Be2 Nc5 40. Bf3 Qxc4
41. Qa1+ Qd4 42. Qa3 Nxe4 43. Bxe4 Qxe4 44. Qc3+ f6 45. Kf1 Qd5 46. Qe3 Qc4+
47. Qe2 Qd5 48. Qe3 h5 49. Qe2 h4 50. Qe3 Qc4+ 51. Qe2 Qf4 52. Qe3 Qc4+ 53. Qe2
Qc2 54. Kg1 f5 55. Kf1 Qc5 56. Qe3 Qc2 57. Qe2 Kf7 58. Kg1 Rd6 59. Kf1 Kf6 60.
Kg1 Re6 1/2-1/2

[Event "21st Costa del Sol it"]
[Site "Malaga ESP"]
[Date "1981.04.23"]
[Round "3"]
[White "Diez del Corral Rivas, Jesus"]
[Black "Bellon Lopez, Juan Manuel"]
[Result "1-0"]
[WhiteElo "2480"]
[BlackElo "2415"]
[EventDate "1981.04.??"]
[PlyCount "51"]

1. d4 Nf6 2. c4 e6 3. Nc3 Bb4 4. Bg5 h6 5. Bh4 c5 6. d5 exd5 7. cxd5 d6 8. e3
Nbd7 9. Bd3 Qa5 10. Nge2 Nxd5 11. O-O Bxc3 12. Nxc3 Nxc3 13. bxc3 Qxc3 14. Rc1
Qa5 15. Qg4 g5 16. Qe4+ Kf8 17. Bg3 Qc7 18. Bc4 Nf6 19. Qd3 Ke7 20. Rcd1 Rd8
21. f4 b5 22. fxg5 bxc4 23. gxf6+ Ke8 24. Qe4+ Be6 25. Bxd6 Qb6 26. Be7 1-0

[Event "21st Costa del Sol it"]
[Site "Malaga ESP"]
[Date "1981.04.23"]
[Round "3"]
[White "Tal, Mikhail"]
[Black "Martin Gonzalez, Angel"]
[Result "1-0"]
[WhiteElo "2555"]
[BlackElo "2365"]
[EventDate "1981.04.??"]
[PlyCount "65"]

1. Nf3 c5 2. c4 g6 3. d4 Bg7 4. g3 cxd4 5. Nxd4 d5 6. Bg2 $5 ({Known is} 6. Nc3
dxc4 7. Ndb5) 6... e5 $6 ({Preferable is} 6... dxc4 7. Qa4+ {(Khalifman)} Nd7)
7. Qa4+ $1 Bd7 8. Nb5 Ne7 9. cxd5 O-O $5 10. Qb3 $5 Na6 $5 11. N1c3 $5 Nf5 12.
O-O Qb6 13. Na3 $6 (13. a4 $1 {gains an edge.}) 13... Qxb3 14. axb3 Nd4 $6 (
14... Nc5 $1 15. b4 Nb3 16. Ra2 Rac8 {almost equalises.}) 15. Bg5 Nxb3 16. Rad1
Nac5 17. d6 Rab8 18. Nab5 a6 19. Nc7 Nd4 $2 (19... f6 $1 20. Bd5+ Kh8 21. Be3
a5 {defends well.}) 20. Be7 $1 Rfc8 21. e3 Nc6 22. N3d5 $1 Bg4 23. Rc1 Nd7 24.
f3 Bf5 25. e4 Be6 26. Nxe6 fxe6 27. Bh3 $1 Nd4 28. Nc7 Bh6 29. Rcd1 Nf8 30. f4
Bg7 31. Rxd4 $5 exd4 32. e5 Kf7 33. Bxf8 {
Tal had won his second game and slowed down.} 1-0

[Event "21st Costa del Sol it"]
[Site "Malaga ESP"]
[Date "1981.04.24"]
[Round "4"]
[White "Bellon Lopez, Juan Manuel"]
[Black "Ivkov, Borislav"]
[Result "0-1"]
[WhiteElo "2415"]
[BlackElo "2540"]
[EventDate "1981.04.??"]
[PlyCount "142"]

1. e4 e6 2. d4 d5 3. Nd2 c5 4. Ngf3 Nf6 5. exd5 exd5 6. Bb5+ Bd7 7. Bxd7+ Nbxd7
8. O-O Be7 9. dxc5 Nxc5 10. Nd4 O-O 11. Nf5 Re8 12. Nf3 Bf8 $5 ({
The alternative is} 12... Nce4) 13. Be3 Qd7 14. Bxc5 Bxc5 15. N3d4 $5 ({
More solid is} 15. N5d4 $1) 15... Re4 16. c3 Rae8 17. Qd2 g6 $1 18. Ng3 R4e5
19. Rad1 Ne4 20. Nxe4 dxe4 21. b4 $2 (21. Nc2 $1 {equalises.}) 21... Bb6 22. c4
Rd8 23. c5 Rd5 $1 24. cxb6 axb6 $1 25. f3 Rxd4 26. Qxd4 Qxd4+ 27. Rxd4 Rxd4 28.
fxe4 Rxe4 {Black has an extra pawn in the rook ending.} 29. a3 Kf8 30. Rc1 Ke8
31. Kf2 h5 32. Rc7 Re7 33. Rc4 Kd7 34. h4 Kd6 35. Rc3 Re4 $5 36. g3 Re7 37. Rf3
Ke6 38. Re3+ Kf6 39. Rd3 Ke5 40. Re3+ Kd6 41. Rf3 f5 $5 (41... Kd5 42. Rc3 Kd4
43. Rc8 Ke4 {shows more aggression.}) 42. Rc3 Re4 43. Rd3+ Ke6 44. Rc3 Rd4 45.
Rc7 Rd7 46. Rc3 Ke5 47. Re3+ Kf6 48. Rc3 g5 49. hxg5+ Kxg5 50. Rc8 $1 Rd2+ 51.
Ke3 Ra2 52. Rg8+ Kf6 53. Rh8 $5 Ke5 54. Rh6 $2 (54. Rxh5 $5 Rxa3+ 55. Kf2 {
draws.}) 54... Rxa3+ 55. Kf2 b5 56. Rb6 $5 Ke4 57. Kg2 $2 {
White misses the last chance.} (57. Rxb7 Ra2+ 58. Kg1 {still escapes.}) 57...
Rd3 $1 58. Rxb5 Rd7 59. Rb6 $5 f4 60. gxf4 Kxf4 61. Kh3 Ke5 62. Kh4 $5 Rh7 63.
Rb5+ Kd4 $1 64. Rc5 Rh6 65. Kh3 h4 66. Rc7 Rb6 $1 67. Kxh4 Rxb4 68. Kg3 b5 $1
69. Kf2 Rc4 $1 70. Rb7 b4 $1 71. Ke2 Kc3 $1 {
Ivkov found the narrow path to victory.} 0-1

[Event "21st Costa del Sol it"]
[Site "Malaga ESP"]
[Date "1981.04.24"]
[Round "4"]
[White "Marovic, Drazen"]
[Black "Vera Gonzalez, Reynaldo"]
[Result "1/2-1/2"]
[WhiteElo "2445"]
[BlackElo "2455"]
[EventDate "1981.04.??"]
[PlyCount "30"]

1. c4 e6 2. Nc3 d5 3. d4 c6 4. Nf3 Nf6 5. cxd5 exd5 6. Qc2 Be7 7. Bf4 Na6 8. a3
Nc7 9. e3 Ne6 10. Be5 Qa5 11. Bd3 Ne4 12. O-O f6 13. Bg3 f5 14. Be5 Qd8 15. Nd2
Bf6 1/2-1/2

[Event "21st Costa del Sol it"]
[Site "Malaga ESP"]
[Date "1981.04.24"]
[Round "4"]
[White "Martin Gonzalez, Angel"]
[Black "Diez del Corral Rivas, Jesus"]
[Result "1/2-1/2"]
[WhiteElo "2365"]
[BlackElo "2480"]
[EventDate "1981.04.??"]
[PlyCount "84"]

1. e4 e6 2. d3 b6 3. Nf3 Bb7 4. g3 c5 5. Bg2 d6 6. O-O Be7 7. Re1 Nf6 8. Nc3
Nfd7 9. d4 cxd4 10. Nxd4 O-O 11. b3 a6 12. a4 Nc6 13. Nxc6 Bxc6 14. Bb2 Qc7 15.
Nd5 Bxd5 16. exd5 e5 17. f4 Bf6 18. f5 Rac8 19. c4 Qc5+ 20. Kh1 a5 21. Be4 Bg5
22. Qf3 Qc7 23. h4 Bh6 24. Rg1 Qd8 25. Rg2 Nc5 26. Rf1 Kh8 27. Bc2 Qf6 28. Rh2
Rce8 29. g4 g5 30. hxg5 Bxg5 31. Qh3 h6 32. Bc1 Rg8 33. Bxg5 Rxg5 34. Qxh6+
Qxh6 35. Rxh6+ Kg7 36. Rh4 f6 37. Kg2 Rh8 38. Rxh8 Kxh8 39. Rh1+ Kg8 40. Kg3
Rg7 41. Rh6 Nd7 42. Kh4 Rh7 1/2-1/2

[Event "21st Costa del Sol it"]
[Site "Malaga ESP"]
[Date "1981.04.25"]
[Round "5"]
[White "Calvo Minguez, Ricardo"]
[Black "Marovic, Drazen"]
[Result "1-0"]
[WhiteElo "2410"]
[BlackElo "2445"]
[EventDate "1981.04.??"]
[PlyCount "77"]

1. c4 e6 2. g3 d5 3. Bg2 dxc4 4. Qa4+ Nd7 5. Qxc4 a6 6. d3 Ngf6 7. Nf3 b5 8.
Qc2 Bb7 9. O-O c5 10. a4 Be7 11. Nc3 Qb6 12. axb5 axb5 13. Rxa8+ Bxa8 14. Qb3
Nd5 15. Nd2 Nxc3 16. bxc3 Bxg2 17. Kxg2 O-O 18. Ne4 $5 ({Known is} 18. f3)
18... Qc6 19. f3 Nb6 {Black controls more territory.} 20. c4 $6 b4 $1 21. Bb2
f5 22. Nd2 Ra8 23. Ra1 Bg5 24. Qc2 Na4 $5 25. Be5 Bf6 $6 (25... Nb6 26. Rxa8+
Qxa8 {keeps a plus.}) 26. Bxf6 gxf6 27. Nb3 Kg7 $5 28. Qd2 $5 e5 29. e4 fxe4
30. dxe4 Nb6 $2 (30... Qc7 $5 31. Nxc5 $5 Qxc5 32. Qd7+ Kg6 33. Rxa4 Rxa4 34.
Qg4+ {draws.}) 31. Rxa8 Nxa8 32. Qd8 $1 Nc7 $2 (32... Nb6 $5 33. Qe7+ Kg8 34.
Na5 Qd7 35. Qxc5 Qd2+ 36. Qf2 Qxf2+ 37. Kxf2 b3 38. Nxb3 Nxc4 {
offers more resistance.}) 33. Qe7+ $1 Kg6 34. Nxc5 Kh6 35. Qf8+ Kg6 36. Qg8+
Kh6 37. Nd3 Ne6 38. Nf2 $1 Ng7 39. Qf7 {Calvo has a mate attack.} 1-0

[Event "21st Costa del Sol it"]
[Site "Malaga ESP"]
[Date "1981.04.25"]
[Round "5"]
[White "Ivkov, Borislav"]
[Black "Martin Gonzalez, Angel"]
[Result "1/2-1/2"]
[WhiteElo "2540"]
[BlackElo "2365"]
[EventDate "1981.04.??"]
[PlyCount "53"]

1. Nf3 g6 2. d4 Nf6 3. c4 Bg7 4. Nc3 c5 5. e4 cxd4 6. Nxd4 Nc6 7. Be3 O-O 8.
Be2 b6 9. O-O Bb7 10. f3 e6 11. Ndb5 d5 12. cxd5 exd5 13. exd5 Nb4 14. d6 Nfd5
15. Bf2 a6 16. Nc7 Nxc7 17. Bxb6 Be5 18. dxc7 Qh4 19. f4 Bxf4 20. Rxf4 Qxf4 21.
a3 Qf6 22. Bf2 Nc6 23. Bf3 Rac8 24. Bg3 Ne7 25. Qd6 Qxd6 26. Bxd6 Bxf3 27. gxf3
1/2-1/2

[Event "21st Costa del Sol it"]
[Site "Malaga ESP"]
[Date "1981.04.25"]
[Round "5"]
[White "Tal, Mikhail"]
[Black "Fernandez Garcia, Jose Luis"]
[Result "1/2-1/2"]
[WhiteElo "2555"]
[BlackElo "2415"]
[EventDate "1981.04.??"]
[PlyCount "200"]

1. c4 Nf6 2. Nc3 g6 3. d4 d5 4. Nf3 Bg7 5. cxd5 Nxd5 6. e4 Nxc3 7. bxc3 c5 8.
Be3 Bg4 9. Qa4+ Nc6 10. Ne5 Bxe5 11. dxe5 Qc7 12. f4 Bd7 13. Qc2 Qa5 14. Rb1 b6
15. Bc4 Nd4 16. Qd3 Ba4 17. O-O Bc2 18. Qd2 O-O-O 19. cxd4 Qxd2 20. Ba6+ Kc7
21. Bxd2 Bxb1 22. Rxb1 Rxd4 23. Rb2 Rhd8 24. Be3 Rxe4 25. Kf2 Ra4 26. Bb5 Rb4
27. Rxb4 cxb4 28. Ke2 e6 29. g4 Kb7 30. h4 a6 31. Bd3 Kc6 32. Be4+ Kb5 33. f5
a5 34. h5 gxf5 35. gxf5 a4 36. fxe6 fxe6 37. Bd3+ Kc6 38. Bxh7 Kd5 39. h6 b3
40. axb3 a3 41. Bb1 b5 42. b4 Ra8 43. Ba2+ Kxe5 44. Kd3 Rd8+ 45. Kc2 Kf6 46.
Bd2 Rc8+ 47. Kb3 Rd8 48. Bc3+ Kg6 49. Kxa3 Kxh6 50. Bxe6 Kg5 51. Kb3 Kf4 52.
Bh3 Ke3 53. Kc2 Rd6 54. Bf1 Rd5 55. Be1 Rf5 56. Bd3 Rh5 57. Bd2+ Kd4 58. Bc3+
Ke3 59. Bg7 Rd5 60. Bh6+ Kd4 61. Kd2 Rd8 62. Bg7+ Kd5 63. Bc3 Rb8 64. Bf1 Rb6
65. Bg2+ Kc4 66. Kc2 Rb7 67. Be4 Rd7 68. Bf5 Rd6 69. Bg4 Rb6 70. Be2+ Kd5 71.
Kd3 Rh6 72. Bf3+ Kd6 73. Be1 Rh3 74. Ke4 Kc6 75. Kf4+ Kd6 76. Bf2 Kc7 77. Be2
Rh2 78. Bg3 Rh1 79. Ke4+ Kc6 80. Kd4 Rh3 81. Be1 Rb3 82. Bd3 Kb6 83. Be4 Rh3
84. Kd5 Rh5+ 85. Kd6 Rh6+ 86. Kd7 Rh2 87. Bg3 Rd2+ 88. Kc8 Re2 89. Bd5 Re8+ 90.
Kd7 Re2 91. Bc7+ Ka6 92. Bd6 Rc2 93. Bc5 Rd2 94. Kc6 Rh2 95. Be4 Rh7 96. Bd6
Rb7 97. Bf5 Rb8 98. Kc5 Rd8 99. Bc7 Rh8 100. Kc6 Rh6+ 1/2-1/2

[Event "21st Costa del Sol it"]
[Site "Malaga ESP"]
[Date "1981.04.25"]
[Round "5"]
[White "Vera Gonzalez, Reynaldo"]
[Black "Bellon Lopez, Juan Manuel"]
[Result "1-0"]
[WhiteElo "2455"]
[BlackElo "2415"]
[EventDate "1981.04.??"]
[PlyCount "81"]

1. d4 d5 2. c4 c6 3. cxd5 cxd5 4. Nc3 Nc6 5. Nf3 Nf6 6. Bf4 Bf5 7. e3 e6 8. Ne5
Bd6 9. Bb5 Bxe5 10. Bxc6+ bxc6 11. Bxe5 O-O 12. Bxf6 Qxf6 13. O-O e5 14. dxe5
Qxe5 15. Rc1 Rfd8 16. Qd4 Qxd4 17. exd4 Rab8 18. b3 Rb4 19. Rfd1 Re8 20. f3 Kf8
21. Kf2 Ke7 22. Na4 Kd6 23. Nc5 g5 24. Rc3 Rg8 25. a3 Rbb8 26. Re1 Be6 27. Rec1
Bf5 28. g4 Bg6 29. Na6 Rb6 30. Nb4 Rc8 31. Rc5 f5 32. R1c3 f4 33. Nxd5 Ra6 34.
b4 Ra4 35. Nf6 a5 36. Nd5 axb4 37. Nxb4 Be8 38. d5 h6 39. dxc6 Kc7 40. Nd5+ Kd6
41. Nb6 1-0

[Event "21st Costa del Sol it"]
[Site "Malaga ESP"]
[Date "1981.04.26"]
[Round "6"]
[White "Calvo Minguez, Ricardo"]
[Black "Ciocaltea, Victor"]
[Result "0-1"]
[WhiteElo "2410"]
[BlackElo "2445"]
[EventDate "1981.04.??"]
[PlyCount "106"]

1. c4 g6 2. Nc3 Bg7 3. g3 d6 4. Bg2 Nf6 5. b3 O-O 6. Bb2 e5 7. e3 Re8 8. Nge2
c6 9. d4 e4 10. Qd2 $5 (10. d5 c5 11. Qc2 {
drew in Williams - Stean, Glasgow 1973.}) 10... Bf5 11. h3 h5 $1 12. Rc1 Na6
13. a3 Nc7 14. b4 $5 d5 $1 15. cxd5 cxd5 16. Nf4 Qd7 17. Bf1 $5 Bf8 $5 18. Qd1
Bd6 19. Qa4 Qe7 $5 20. Qb3 Red8 21. Be2 Bxf4 22. gxf4 Nce8 23. b5 Qe6 24. Na4
$6 ({Preferable is} 24. Bf1) 24... b6 $1 25. Bf1 Rac8 26. Rxc8 Rxc8 27. Bc3 Nd6
$1 {Black has a positional advantage.} 28. Nb2 Qd7 29. Kd2 $6 Be6 30. a4 Nf5
31. Qb4 Nh4 32. Kc2 $6 Ne8 33. Kb3 $5 {
The flight of the king does not improve the white position.} Nd6 34. a5 $5 bxa5
35. Qxa5 Rb8 36. Ka4 $2 {The road to the white king can be opened.} ({Better is
} 36. Bb4 $1 Nxb5 37. Na4) 36... Qc8 $1 37. Qa6 Qxc3 38. Qxd6 Qc2+ 39. Ka3 Rc8
40. Ka2 Qxf2 41. Qa3 Nf5 42. Qxa7 Nxe3 43. b6 Nd1 44. Be2 Nxb2 45. b7 Qxe2 $1
46. bxc8=Q+ Bxc8 47. Qb8 Nc4+ 48. Ka1 Kh7 $1 49. Rb1 Qf3 50. Rb3 Qd1+ 51. Ka2
Qd2+ 52. Kb1 Bf5 53. Rb7 e3+ $1 {Ciocaltea will deliver mate on the next move.}
0-1

[Event "21st Costa del Sol it"]
[Site "Malaga ESP"]
[Date "1981.04.26"]
[Round "6"]
[White "Csom, Istvan"]
[Black "Tal, Mikhail"]
[Result "1/2-1/2"]
[WhiteElo "2500"]
[BlackElo "2555"]
[EventDate "1981.04.??"]
[PlyCount "24"]

1. Nf3 Nf6 2. c4 c5 3. g3 d5 4. cxd5 Nxd5 5. Bg2 Nc6 6. d4 cxd4 7. Nxd4 Ndb4 8.
Nxc6 Qxd1+ 9. Kxd1 Nxc6 10. Bxc6+ bxc6 11. Nc3 e5 12. Be3 Bb4 1/2-1/2

[Event "21st Costa del Sol it"]
[Site "Malaga ESP"]
[Date "1981.04.26"]
[Round "6"]
[White "Fernandez Garcia, Jose Luis"]
[Black "Diez del Corral Rivas, Jesus"]
[Result "0-1"]
[WhiteElo "2415"]
[BlackElo "2480"]
[EventDate "1981.04.??"]
[PlyCount "90"]

1. e4 g6 2. d4 c6 3. Nf3 Bg7 4. h3 d6 5. Nc3 Nd7 6. Bc4 Nb6 7. Bb3 e6 8. a4 a5
9. Bg5 Ne7 10. h4 h6 11. Bf4 Qc7 12. Qd2 Bd7 13. O-O-O Nbc8 14. Qd3 Rb8 15. d5
cxd5 16. exd5 e5 17. Bxe5 dxe5 18. d6 Nxd6 19. Qxd6 Qxd6 20. Rxd6 Bc6 21. Rhd1
Bxf3 22. gxf3 Nf5 23. Rb6 Nxh4 24. Bd5 O-O 25. Rh1 g5 26. Ne4 Rfd8 27. c4 Nf5
28. Nf6+ Kf8 29. Re1 Nd6 30. Nh5 Bh8 31. Kb1 Rbc8 32. b3 e4 33. fxe4 Bd4 34.
Rxd6 Rxd6 35. e5 Rb6 36. Kc2 Re8 37. f4 gxf4 38. Rf1 Bxe5 39. Rf3 Ke7 40. Nxf4
Rf6 41. Nd3 Rxf3 42. Bxf3 Bd4 43. Bxb7 Kd6 44. b4 axb4 45. a5 Re2+ 0-1

[Event "21st Costa del Sol it"]
[Site "Malaga ESP"]
[Date "1981.04.26"]
[Round "6"]
[White "Martin Gonzalez, Angel"]
[Black "Vera Gonzalez, Reynaldo"]
[Result "1/2-1/2"]
[WhiteElo "2365"]
[BlackElo "2455"]
[EventDate "1981.04.??"]
[PlyCount "30"]

1. e4 e5 2. Nf3 Nc6 3. Nc3 f5 4. d4 fxe4 5. Nxe5 Nf6 6. Bg5 Bb4 7. Bc4 d5 8.
Bxf6 Qxf6 9. Bxd5 Nxe5 10. dxe5 Qxe5 11. O-O c6 12. Bxe4 O-O 13. Qd3 Bd6 14. g3
Bc5 15. Rae1 Kh8 1/2-1/2

[Event "21st Costa del Sol it"]
[Site "Malaga ESP"]
[Date "1981.04.26"]
[Round "6"]
[White "Rivas Pastor, Manuel"]
[Black "Ivkov, Borislav"]
[Result "0-1"]
[WhiteElo "2460"]
[BlackElo "2540"]
[EventDate "1981.04.??"]
[PlyCount "88"]

1. d4 Nf6 2. c4 e6 3. Nf3 b6 4. Bf4 Bb7 5. e3 Be7 6. h3 O-O 7. Nc3 d5 8. cxd5
exd5 9. Bd3 c5 10. O-O Nbd7 11. Rc1 Ne4 $5 ({Usual was} 11... a6) 12. Qc2 Ndf6
13. dxc5 Bxc5 14. Be5 $5 Qe7 15. Bd4 Rac8 16. Qa4 a6 17. Rfd1 Rfe8 18. Bb1 Bxd4
19. Qxd4 Nxc3 20. Rxc3 Rxc3 21. Qxc3 Qc5 22. Qxc5 bxc5 23. Rc1 Rc8 24. Bf5 Rc7
25. Nd4 $5 g6 26. Bg4 Kf8 27. Nb3 c4 $1 28. Nd4 Ke7 29. Bf3 Kd6 30. Rc3 Nd7 31.
g4 $5 h6 32. Kg2 Nc5 33. Kg3 Bc8 34. b3 $4 {White blunders an exchange.} cxb3
35. axb3 Ne4+ $1 36. Bxe4 Rxc3 37. Bf3 Kc5 38. h4 g5 39. hxg5 hxg5 40. Be2 Kb4
41. Bf3 Be6 42. Be2 a5 43. Kg2 Rxb3 44. Nc6+ Kc5 {
Tal and Ivkov shared the lead by 4/6.} 0-1